Aforismos
Saved in:
| Hovedforfatter: | |
|---|---|
| Format: | Bog |
| Sprog: | spansk |
| Udgivet: |
Madrid
Espasa Calpe
1965
|
| Udgivelse: | 3a. ed |
| Serier: | Colección Austral, 353
|
| Fag: | |
| Tags: |
Tilføj Tag
Ingen Tags, Vær først til at tagge denne postø!
|
MARC
| LEADER | 00000nam a2200000 a 4500 | ||
|---|---|---|---|
| 001 | UCT0879 | ||
| 003 | CL-VaPUC | ||
| 008 | 960913e19650000SP |||||||||||||||||spa|d | ||
| 082 | 0 | 4 | |a 858 |b LEO |2 21 |
| 100 | |a Da Vinci, Leonardo |e author |9 860455 | ||
| 245 | 1 | 0 | |a Aforismos |
| 250 | |a 3a. ed | ||
| 300 | |a 154 p | ||
| 942 | |c BK | ||
| 945 | |d 19960913 00:00:00 |a nastorga | ||
| 260 | |a Madrid |b Espasa Calpe |c 1965 | ||
| 650 | 0 | |a Aforismos |9 369442 | |
| 583 | |a last modification |c 20180514 09:53:28 |k Rodrigo Vera | ||
| 490 | 0 | |a Colección Austral, 353 | |
| 999 | |c 251571 |d 251569 | ||
| 952 | |0 0 |1 0 |4 0 |6 858_000000000000000_LEO_1965 |7 0 |8 P |9 270840 |a BIBARQ |b BIBARQ |d 2019-11-19 |i 3230023 |o 858 LEO 1965 |p 3230023 |r 2025-01-20 |w 2019-11-19 |y BK |k ARQ | ||
| 952 | |0 0 |1 0 |4 0 |6 858_000000000000000_LEO_1965 |7 0 |8 R |9 270841 |a BIBART |b BIBART |d 2019-11-19 |i 1204386 |o 858 LEO 1965 |p 1204386 |r 2025-03-13 |w 2019-11-19 |y BK_R |k ART | ||